| 000 | 00691nam a2200217 i 4500 | ||
|---|---|---|---|
| 001 | 123433 | ||
| 003 | ES-MaACL | ||
| 005 | 20230906192155.0 | ||
| 007 | t| | ||
| 008 | 070214s1970 sp r ||||1| spa d | ||
| 080 | _a308-055.2"18/19" | ||
| 100 | 1 |
_aRadius, Emilio. _994930 |
|
| 245 | 1 | 3 |
_aLa revolución de la mujer / _cEmilio Radius ; traducción de Maruja Lentini. |
| 250 | _a1ª ed. | ||
| 260 |
_aEsplugas de Llobregat (Barcelona) : _bPlaza & Janés, _c1970. |
||
| 300 |
_a413 p. ; _c22 cm. |
||
| 650 | 4 |
_aMujeres- _xSituación social- _yS.XIX. _9174436 |
|
| 650 | 4 |
_aMujeres- _xSituación social- _yS.XX. _9167814 |
|
| 700 | 1 |
_aLentini, Maruja. _971551 |
|
| 852 | 4 |
_aES-MaACL _jC-45096 |
|
| 999 |
_c123433 _d123433 |
||